000 00386cam a22001097a 4500
008 180718b xxu||||| |||| 00| 0 eng d
082 _aY11068x5464 T738
245 _aNational sample survey: land utilisation survey
_cby Statistical Department, Tripura
260 _aAgartala
_bStatistical Department
_c
500 _aContents: Library has vol 2 to 5
700 _aTripura. Statistical Department
999 _c499076
_d499076